[Event "OPEN A"]
[Site "?"]
[Date "2008.08.25"]
[Round "4.33"]
[White "Lacha, J."]
[Black "Zima, T."]
[Result "1-0"]
[WhiteElo "1979"]
[BlackElo "1822"]
[PlyCount "69"]
[EventDate "2008.08.23"]
[SourceDate "2008.08.25"]

1. e4 e5 2. Nf3 Nc6 3. d4 exd4 4. Bc4 Qe7 5. O-O Ne5 6. Qxd4 Nxc4 7. Qxc4 d6 8.
Nc3 c6 9. Bg5 f6 10. Bf4 Be6 11. Qa4 g5 12. Bg3 Nh6 13. Nd4 Nf7 14. Nxc6 Qd7
15. Nd4 Qxa4 16. Nxa4 Bd7 17. Nc3 O-O-O 18. Nd5 Bg7 19. Ne7+ Kc7 20. Ndf5 Bxf5
21. Nxf5 Rhg8 22. Rad1 Rd7 23. Rd4 Bf8 24. Rfd1 a6 25. c4 Kc6 26. b4 b6 27. Rd5
b5 28. c5 h5 29. Bxd6 Bxd6 30. Nxd6 Ne5 31. Nc4 Rxd5 32. exd5+ Kc7 33. Nxe5
fxe5 34. c6 Rg7 35. a3 1-0

[Event "OPEN A"]
[Site "?"]
[Date "2008.??.??"]
[Round "4.34"]
[White "Hlina, M."]
[Black "Vesecky, M."]
[Result "1/2-1/2"]
[WhiteElo "1783"]
[BlackElo "1957"]
[PlyCount "64"]
[EventDate "2008.??.??"]

1. d4 Nf6 2. Nf3 c5 3. c3 d5 4. Bf4 Bg4 5. e3 e6 6. Bd3 Nc6 7. Nbd2 c4 8. Bc2
Be7 9. O-O O-O 10. h3 Bh5 11. Qb1 Bg6 12. Re1 b5 13. e4 dxe4 14. Nxe4 Nxe4 15.
Bxe4 Bxe4 16. Qxe4 Qd5 17. Ne5 Qxe4 18. Rxe4 Nxe5 19. Bxe5 Rfd8 20. Bg3 a5 21.
a4 b4 22. d5 Rxd5 23. Rxc4 Rd2 24. Rb1 h6 25. Rc7 Kf8 26. c4 b3 27. c5 Rc2 28.
Bd6 Bxd6 29. cxd6 Rd8 30. Rxc2 bxc2 31. Rc1 Rxd6 32. Rxc2 Ke7 1/2-1/2

[Event "OPEN A"]
[Site "?"]
[Date "2008.08.25"]
[Round "4.35"]
[White "Havelka, P."]
[Black "Urban, M."]
[Result "1/2-1/2"]
[WhiteElo "1957"]
[BlackElo "1875"]
[PlyCount "43"]
[EventDate "2008.08.23"]
[SourceDate "2008.08.25"]

1. d4 Nf6 2. c4 e6 3. Nc3 c5 4. e3 d5 5. Nf3 Nc6 6. Be2 Bd6 7. dxc5 Bxc5 8. O-O
O-O 9. a3 a5 10. b3 dxc4 11. Bxc4 Qe7 12. Bb2 Rd8 13. Qe2 Bd7 14. Nb5 Rac8 15.
Rfd1 Nb8 16. Ne5 Bc6 17. Nxc6 Nxc6 18. Rxd8+ Rxd8 19. Rd1 Rxd1+ 20. Qxd1 Qd7
21. Qe1 Ne4 22. Be2 1/2-1/2

[Event "OPEN A"]
[Site "?"]
[Date "2008.08.25"]
[Round "4.36"]
[White "Havlicek, P."]
[Black "Bernath, S."]
[Result "1/2-1/2"]
[WhiteElo "1601"]
[BlackElo "1952"]
[PlyCount "73"]
[EventDate "2008.08.23"]
[SourceDate "2008.08.25"]

1. e4 c5 2. Nf3 e6 3. d4 cxd4 4. Nxd4 a6 5. a4 Nf6 6. Nc3 Bb4 7. Qf3 Qc7 8. Bd2
Qe5 9. Nb3 Nc6 10. Bd3 Qc7 11. O-O O-O 12. Qg3 Qxg3 13. fxg3 Ne5 14. Bg5 Be7
15. Rad1 d6 16. Nd4 h6 17. Bc1 Bd7 18. b3 Rac8 19. Nce2 Nc6 20. Ba3 Rfe8 21.
Nxc6 Bxc6 22. Nc3 Ng4 23. Rf3 Ne5 24. Re3 Red8 25. h3 Be8 26. Bb4 Nc6 27. Ba3
Bf6 28. Ne2 Nd4 29. Nxd4 Bxd4 30. Kf2 Bxe3+ 31. Kxe3 d5 32. e5 Bc6 33. Rd2 b5
34. a5 Be8 35. Kd4 Rd7 36. Rf2 Rdc7 37. Bb4 1/2-1/2

[Event "OPEN A"]
[Site "?"]
[Date "2008.??.??"]
[Round "4.37"]
[White "Lacina, F."]
[Black "Zvara, D."]
[Result "0-1"]
[WhiteElo "1949"]
[BlackElo "1802"]
[PlyCount "94"]
[EventDate "2008.??.??"]

1. e4 e5 2. Nf3 Nf6 3. Nxe5 d6 4. Nf3 Nxe4 5. d4 d5 6. Bd3 Bd6 7. O-O O-O 8. c4
c6 9. Nbd2 Nxd2 10. Bxd2 Bg4 11. h3 Bh5 12. g4 Bg6 13. Bxg6 hxg6 14. c5 Bc7 15.
Re1 Re8 16. Qc2 Rxe1+ 17. Rxe1 Nd7 18. Bg5 Nf6 19. Ne5 Qe8 20. Bxf6 gxf6 21.
Nf3 Qd7 22. Qd2 Re8 23. Rxe8+ Qxe8 24. Qe3 Qe6 25. Qxe6 fxe6 26. Kf1 e5 27. Ke2
exd4 28. Nxd4 Kf7 29. h4 Be5 30. Ke3 Bxd4+ 31. Kxd4 Kg7 32. b4 Kh6 33. a4 a6
34. b5 f5 35. f3 fxg4 36. fxg4 Kg7 37. Ke5 Kf7 38. bxa6 bxa6 39. Kd6 d4 40.
Kxc6 d3 41. Kb7 d2 42. c6 d1=Q 43. c7 Qb3+ 44. Kxa6 Qxa4+ 45. Kb7 Qb5+ 46. Kc8
Ke7 47. h5 Kd6 0-1

[Event "Open A"]
[Site "?"]
[Date "2008.08.25"]
[Round "4.38"]
[White "Rutter, L."]
[Black "Rmoutil, M."]
[Result "1-0"]
[WhiteElo "1893"]
[BlackElo "1988"]
[PlyCount "51"]
[EventDate "2008.??.??"]

1. e4 e6 2. d4 d5 3. exd5 exd5 4. Bf4 Nf6 5. Bd3 Be7 6. Nf3 Bg4 7. Nbd2 O-O 8.
O-O Nbd7 9. c3 Bh5 10. Qc2 Bg6 11. Rfe1 Bxd3 12. Qxd3 Re8 13. Re2 Nf8 14. Qb5
Qc8 15. Rae1 Ne6 16. Bg3 c6 17. Qd3 Nh5 18. Qc2 Nxg3 19. hxg3 Bf6 20. Ne5 Qc7
21. Qf5 Qd8 22. Nxf7 Kxf7 23. Rxe6 Rxe6 24. Qxe6+ Kf8 25. Nf3 Qe7 26. Qf5 1-0

[Event "Open A"]
[Site "?"]
[Date "2008.08.25"]
[Round "4.39"]
[White "Kyselka, D."]
[Black "Hlavnicka, J."]
[Result "0-1"]
[WhiteElo "1802"]
[BlackElo "1954"]
[Annotator "Øeøábek,Jaroslav"]
[PlyCount "45"]
[EventDate "2008.??.??"]

1. e4 c5 2. Nf3 Nc6 3. d4 cxd4 4. Nxd4 g6 5. Nc3 Bg7 6. Be3 Nf6 7. Be2 O-O 8.
O-O d5 9. exd5 Nb4 10. d6 Qxd6 11. Ncb5 Qd8 12. c4 a6 13. Nc3 e5 14. Nf3 Qc7
15. Qa4 Nc6 16. Bc5 Rd8 17. Nb5 Qb8 18. Nc3 Bd7 19. Qa3 Be6 20. Ng5 Bf5 21. Bf3
Bd3 22. Rfd1 Bxc4 23. Bxc6 {a bily prekrocil cas....} 0-1

[Event "OPEN A"]
[Site "?"]
[Date "2008.??.??"]
[Round "4.40"]
[White "Hronik, P."]
[Black "Pospisil, M."]
[Result "1-0"]
[WhiteElo "1954"]
[BlackElo "1758"]
[PlyCount "69"]
[EventDate "2008.??.??"]

1. d4 d5 2. Nf3 Nf6 3. Bf4 Bf5 4. e3 e6 5. Be2 c6 6. Ne5 Nbd7 7. g4 Bg6 8. h4
h6 9. Nxg6 fxg6 10. Qd3 Qb6 11. Qxg6+ Kd8 12. b3 Qa5+ 13. Kf1 Ke7 14. Qd3 Kf7
15. c3 Be7 16. h5 Nf8 17. Nd2 Qd8 18. Rg1 N6h7 19. Nf3 Bf6 20. Re1 Ng5 21. Bxg5
Bxg5 22. Ne5+ Kg8 23. f4 Bh4 24. Rc1 Bf6 25. Ng6 Nxg6 26. Qxg6 Qe8 27. Qd3 Qd8
28. c4 a6 29. cxd5 cxd5 30. Qg6 Rc8 31. Kf2 Kf8 32. g5 hxg5 33. fxg5 Be7 34.
Qxe6 Rxc1 35. Rxc1 1-0

[Event "Open A"]
[Site "?"]
[Date "2008.08.25"]
[Round "4.41"]
[White "Hajek, j"]
[Black "Feierfeil, J."]
[Result "1-0"]
[WhiteElo "1713"]
[BlackElo "1947"]
[PlyCount "85"]
[EventDate "2008.??.??"]
[SourceDate "2008.08.25"]

1. e4 c5 2. Nc3 d6 3. f4 e6 4. Nf3 Nc6 5. Bb5 Qc7 6. O-O Bd7 7. d4 cxd4 8. Nxd4
Nge7 9. Be3 a6 10. Bxc6 Nxc6 11. Qe2 Be7 12. Rad1 O-O 13. f5 Bf6 14. Nxc6 bxc6
15. Qh5 g6 16. Qg4 exf5 17. exf5 d5 18. Rd3 Qc8 19. Bh6 Re8 20. Rg3 Kh8 21. Bg5
Qd8 22. fxg6 Qb6+ 23. Kh1 Bxg4 24. Bxf6+ Kg8 25. gxf7+ Kf8 26. fxe8=Q+ Kxe8 27.
Rxg4 Kd7 28. Rg7+ Ke6 29. Re7+ Kd6 30. Rfe1 Qf2 31. R7e6+ Kc7 32. Re7+ Kb6 33.
R7e6 Rf8 34. Nxd5+ Ka5 35. Bc3+ Kb5 36. Ne3 Rf7 37. Re8 c5 38. Re6 c4 39. Re5+
Kc6 40. Re6+ Kb7 41. Re5 h5 42. h3 h4 43. Rf1 1-0

[Event "OPEN A"]
[Site "?"]
[Date "2008.??.??"]
[Round "4.42"]
[White "Adamik, F."]
[Black "Chromovsky, H."]
[Result "0-1"]
[WhiteElo "1921"]
[BlackElo "1804"]
[PlyCount "109"]
[EventDate "2008.??.??"]

1. e4 c5 2. c4 Nc6 3. Nc3 g6 4. Bd3 Bg7 5. Nge2 e6 6. a3 Nge7 7. Rb1 d5 8. cxd5
exd5 9. exd5 Nxd5 10. Be4 Nde7 11. O-O O-O 12. Qa4 a6 13. d3 Bf5 14. Be3 b5 15.
Qc2 Bxe4 16. Nxe4 Nd4 17. Qd1 Rc8 18. Bg5 f5 19. N4c3 Qd7 20. Re1 Nec6 21. Nxd4
Bxd4 22. Qb3+ Kg7 23. Re2 Rfe8 24. Rbe1 Rxe2 25. Rxe2 Re8 26. Rxe8 Qxe8 27. Kf1
Qe5 28. g3 Na5 29. Qc2 c4 30. Bf4 Qe6 31. Ne2 Be5 32. d4 Bxf4 33. Nxf4 Qe4 34.
Qxe4 fxe4 35. Ne6+ Kf6 36. Nc7 Nb3 37. Ke2 Nxd4+ 38. Ke3 Ke5 39. Nxa6 Nf5+ 40.
Kd2 g5 41. Nc7 Nd6 42. h3 h5 43. Kc3 h4 44. Kb4 hxg3 45. fxg3 e3 46. Kc3 Ke4
47. h4 gxh4 48. gxh4 Kf3 49. Ne6 Nf5 50. Ng5+ Kf2 51. Ne4+ Kf3 52. Nd2+ Kf4 53.
Nb1 Nxh4 54. a4 bxa4 55. Kxc4 0-1

[Event "Open A"]
[Site "?"]
[Date "2008.08.25"]
[Round "4.43"]
[White "Berg, A."]
[Black "Sedivy, O."]
[Result "1-0"]
[WhiteElo "1914"]
[BlackElo "1638"]
[PlyCount "107"]
[EventDate "2008.??.??"]

1. e4 e6 2. d4 d5 3. Nd2 Nf6 4. e5 Nfd7 5. c3 c5 6. Bd3 Nc6 7. Ne2 cxd4 8. cxd4
Qb6 9. Nf3 f6 10. exf6 Nxf6 11. O-O Bd6 12. Re1 O-O 13. Nc3 Bd7 14. Nb5 Be7 15.
Nc3 Bd6 16. a3 Kh8 17. Bc2 Rae8 18. b4 a6 19. Bg5 Qc7 20. Qd3 g6 21. Re2 Kg7
22. Qd2 Ng8 23. Rae1 Bf4 24. Bxf4 Qxf4 25. Re3 Qd6 26. Ne5 Nh6 27. Rh3 Ng8 28.
Na4 Nxe5 29. dxe5 Qe7 30. Nc5 Bc6 31. a4 Qf7 32. Rf3 Qe7 33. Rb3 Nh6 34. Rc3
Nf5 35. Bd3 Rd8 36. b5 axb5 37. axb5 Be8 38. Rec1 Nd4 39. b6 Nc6 40. f4 h6 41.
Be2 Bf7 42. Rh3 Rh8 43. Nb3 g5 44. Nd4 Rde8 45. Nb5 Rd8 46. Nd6 Bg6 47. Bb5
Rhf8 48. Bxc6 bxc6 49. Rhc3 Rxf4 50. Rxc6 Rff8 51. b7 Rd7 52. Qa5 g4 53. Rc7
Be8 54. b8=Q 1-0

[Event "OPEN A"]
[Site "?"]
[Date "2008.??.??"]
[Round "4.44"]
[White "Machalik, M."]
[Black "Lexa, V."]
[Result "1-0"]
[WhiteElo "1877"]
[BlackElo "1937"]
[PlyCount "95"]
[EventDate "2008.??.??"]

1. e4 c5 2. Nf3 d6 3. d4 cxd4 4. Nxd4 Nf6 5. Nc3 a6 6. Be2 e5 7. Nb3 h6 8. Be3
Be6 9. a4 Nc6 10. O-O Be7 11. Nd2 Rc8 12. Nc4 Bxc4 13. Bxc4 O-O 14. Bb3 Nb4 15.
Qe2 Qc7 16. Rad1 Rfd8 17. Kh1 Qc6 18. f3 d5 19. exd5 Nbxd5 20. Nxd5 Nxd5 21.
Bg1 Bf6 22. Qe4 Ne7 23. Qxc6 Nxc6 24. c3 g6 25. Rxd8+ Rxd8 26. Rd1 Rxd1 27.
Bxd1 b5 28. Be2 b4 29. Bxa6 bxc3 30. bxc3 Bd8 31. Bb5 Na5 32. c4 f6 33. Be3 g5
34. Kg1 Kf7 35. Kf2 Ke6 36. Bc5 Nb7 37. Bb4 Bb6+ 38. Ke2 h5 39. Bc6 Bc5 40.
Bxc5 Nxc5 41. a5 Nb3 42. Bd5+ Kd6 43. a6 Nd4+ 44. Kd3 Nc6 45. Bxc6 Kxc6 46. c5
f5 47. h3 Kc7 48. g4 1-0

[Event "Open B"]
[Site "?"]
[Date "2008.08.25"]
[Round "4.1"]
[White "Kalvach, L."]
[Black "Klima, J."]
[Result "1-0"]
[WhiteElo "1922"]
[BlackElo "1667"]
[PlyCount "72"]
[EventDate "2008.??.??"]
[SourceDate "2008.08.25"]

1. e4 c5 2. c3 d6 3. d4 Nf6 4. Bd3 e5 5. Ne2 Nc6 6. d5 Ne7 7. O-O Ng6 8. f4
exf4 9. Nxf4 Ne5 10. Bc2 Be7 11. h3 O-O 12. Nd2 Qb6 13. Kh1 Bd7 14. a4 Rac8 15.
b3 Qa5 16. Bb2 c4 17. b4 Qc7 18. Nf3 Nxf3 19. Qxf3 Be8 20. Bc1 Nd7 21. Be3 Ne5
22. Qf2 a6 23. Bd4 g6 24. Rae1 Qd8 25. Re2 Bd7 26. Qe3 Bf6 27. Qg3 Bg7 28. Ref2
Qe8 29. a5 Qe7 30. Ne2 Rce8 31. Be3 Nd3 32. Bxd3 cxd3 33. Nd4 Qxe4 34. Bf4 Be5
35. Bxe5 Rxe5 36. Ne6 Bxe6 1-0

[Event "OPEN B"]
[Site "?"]
[Date "2008.??.??"]
[Round "4.2"]
[White "Rihova, K."]
[Black "Blumel, M."]
[Result "0-1"]
[WhiteElo "1649"]
[BlackElo "1675"]
[PlyCount "154"]
[EventDate "2008.??.??"]

1. e4 e5 2. Nc3 Nf6 3. Bc4 Nc6 4. d3 d6 5. Nge2 Na5 6. Bb3 Nxb3 7. axb3 d5 8.
Bg5 c6 9. Bxf6 gxf6 10. Ng3 d4 11. Nce2 h5 12. h4 a6 13. c3 c5 14. Qc2 Be6 15.
Nc1 Qd7 16. Nce2 f5 17. exf5 Bxf5 18. Nxf5 Qxf5 19. Ng3 Qg6 20. Qe2 Kd7 21. Qe4
Qxe4+ 22. Nxe4 f5 23. Ng5 Rg8 24. g3 Re8 25. Ke2 e4 26. Rhe1 Bh6 27. Nf7 Bg7
28. Rec1 Re7 29. Ng5 Bh6 30. Ra5 Bxg5 31. hxg5 Rxg5 32. Rxc5 dxc3 33. R1xc3 Kd6
34. b4 Rg4 35. Rxf5 exd3+ 36. Kxd3 h4 37. gxh4 Rxh4 38. b5 a5 39. Ra3 b6 40.
Rf6+ Kc5 41. Rf5+ Kb4 42. Rc3 Rh3+ 43. f3 Rd7+ 44. Ke4 Rh2 45. Rc6 Re2+ 46. Kf4
Rb7 47. Re5 Rxb2 48. Re4+ Kxb5 49. Rcc4 Rf7+ 50. Kg4 Rg2+ 51. Kh3 Rf2 52. f4
Rf6 53. Kg3 Ra2 54. Rc1 a4 55. Re5+ Ka6 56. f5 b5 57. Rb1 Rb6 58. f6 Ra3+ 59.
Kg4 Rb3 60. Rxb3 axb3 61. f7 Rg6+ 62. Kf5 Rg1 63. Ke6 Rf1 64. Re2 Ka5 65. Ke7
Ka4 66. f8=Q Rxf8 67. Kxf8 Ka3 68. Re5 b4 69. Ra5+ Kb2 70. Ke7 Kc3 71. Rc5+ Kd3
72. Rb5 Kc4 73. Rh5 b2 74. Rh4+ Kb3 75. Rh3+ Ka2 76. Rh2 Ka1 77. Rh1+ b1=Q 0-1

[Event "OPEN B"]
[Site "?"]
[Date "2008.??.??"]
[Round "4.3"]
[White "Rubes, Z."]
[Black "Hatas, R."]
[Result "1/2-1/2"]
[WhiteElo "1757"]
[BlackElo "1564"]
[PlyCount "90"]
[EventDate "2008.??.??"]

1. d4 d5 2. c4 c6 3. e3 Nf6 4. Nc3 e6 5. Nf3 Nbd7 6. Bd3 dxc4 7. Bxc4 b5 8. Bd3
Bb7 9. O-O b4 10. Na4 Qc7 11. Bd2 c5 12. Nxc5 Bxc5 13. dxc5 a5 14. Rc1 Nxc5 15.
Bb5+ Ke7 16. Qc2 Rhc8 17. Qc4 Qb6 18. Nd4 Bd5 19. Qe2 Nfe4 20. a3 Nb3 21. Nxb3
Bxb3 22. Bd3 Nxd2 23. Qxd2 bxa3 24. Be4 axb2 25. Qxb2 Rab8 26. Qxg7 Rg8 27. Qe5
Rbd8 28. Rc6 Qb4 29. Bxh7 Rd5 30. Qc3 Qxc3 31. Rxc3 Rh8 32. Be4 Rb5 33. Rb1 a4
34. Bc6 Rc8 35. Bxb5 Rxc3 36. h4 a3 37. h5 a2 38. Ra1 Rc5 39. Be2 Rc2 40. Kf1
Rb2 41. Bd3 Bc2 42. Bxc2 Rxc2 43. g4 Kf6 44. Kg2 Kg5 45. Kg3 e5 1/2-1/2

[Event "OPEN B"]
[Site "?"]
[Date "2008.??.??"]
[Round "4"]
[White "Kudrna, J."]
[Black "Rut, V."]
[Result "0-1"]
[WhiteElo "1000"]
[BlackElo "1649"]
[PlyCount "64"]
[EventDate "2008.??.??"]

1. d4 c5 2. d5 d6 3. c4 e6 4. e4 Nf6 5. Nc3 exd5 6. cxd5 g6 7. Bd3 Bg7 8. Nf3
O-O 9. O-O a6 10. Rb1 b5 11. a3 Nbd7 12. b3 Re8 13. Bb2 Qa5 14. Qd2 Rb8 15.
Rfe1 Qc7 16. b4 c4 17. Bc2 Nb6 18. Nd4 Bd7 19. Nde2 Ra8 20. Ng3 a5 21. Nd1 axb4
22. axb4 Na4 23. Bd4 Ra6 24. Nc3 Nb6 25. Ra1 Rea8 26. Rxa6 Rxa6 27. Qf4 Nh5 28.
Qe3 Bxd4 29. Qxd4 Nxg3 30. fxg3 Qa7 31. Rf1 Ra3 32. h3 Rxc3 0-1

[Event "Open B"]
[Site "?"]
[Date "2008.08.25"]
[Round "4.5"]
[White "Pospisil, P."]
[Black "Hrdina, R."]
[Result "0-1"]
[WhiteElo "1717"]
[BlackElo "1624"]
[PlyCount "48"]
[EventDate "2008.??.??"]

1. c4 e5 2. Nc3 Bb4 3. Nd5 Bc5 4. a3 c6 5. Nc3 Nf6 6. g3 O-O 7. Bg2 d6 8. e3
Re8 9. b4 Bb6 10. Bb2 Bf5 11. d3 e4 12. d4 Bg4 13. Qc2 Bf5 14. c5 dxc5 15. dxc5
Bc7 16. Rd1 Nbd7 17. Nge2 Qc8 18. O-O Ne5 19. Nb1 Nf3+ 20. Kh1 Ng4 21. Nd4
Ngxh2 22. Nxf5 Qxf5 23. Bxf3 Qxf3+ 24. Kxh2 Re6 0-1

[Event "Open B"]
[Site "?"]
[Date "2008.08.25"]
[Round "4.6"]
[White "Brhlik, A."]
[Black "Soltysova, A."]
[Result "1/2-1/2"]
[WhiteElo "1682"]
[BlackElo "1543"]
[PlyCount "119"]
[EventDate "2008.??.??"]

1. e4 c6 2. d4 d5 3. Nc3 dxe4 4. Nxe4 Bf5 5. Ng3 Bg6 6. Nf3 Nd7 7. h4 h6 8. h5
Bh7 9. Bd3 Bxd3 10. Qxd3 Ngf6 11. Bd2 e6 12. O-O-O Bd6 13. Ne4 Nxe4 14. Qxe4
Nf6 15. Qe2 Qc7 16. Ne5 O-O-O 17. f4 Rhe8 18. Rh3 Kb8 19. Rd3 Rc8 20. Kb1 Qe7
21. Rb3 Ka8 22. a4 Nd7 23. Qf3 f6 24. Nc4 Nb8 25. Re1 Qc7 26. g3 e5 27. dxe5
fxe5 28. fxe5 Bxe5 29. Rbe3 Rf8 30. Qg4 Bf6 31. Re6 Qd7 32. Qe2 Rcd8 33. Bb4
Rg8 34. Nd6 Na6 35. Ba3 Nc7 36. Re4 b6 37. Nc4 Nd5 38. Ne3 Nc7 39. Ng4 Rde8 40.
Nxf6 gxf6 41. b3 c5 42. Bb2 f5 43. Re5 Rxe5 44. Qxe5 Re8 45. Qc3 Rxe1+ 46. Qxe1
Qe6 47. Qe5 Qxe5 48. Bxe5 Ne6 49. Kc1 Kb7 50. Kd2 Kc6 51. Kd3 Kd7 52. c3 a6 53.
b4 cxb4 54. cxb4 b5 55. axb5 axb5 56. Bf4 Nxf4+ 57. gxf4 Ke6 58. Kd2 Kd5 59.
Kd3 Ke6 60. Kd4 1/2-1/2

[Event "Open B"]
[Site "?"]
[Date "2008.08.25"]
[Round "4.7"]
[White "Skalicky, T."]
[Black "Mates, M."]
[Result "1/2-1/2"]
[WhiteElo "1493"]
[BlackElo "1661"]
[Annotator "Øeøábek,Jaroslav"]
[PlyCount "47"]
[EventDate "2008.??.??"]

1. e4 g6 2. d4 d6 3. Bc4 e6 4. Nc3 Bg7 5. Nf3 a6 6. a4 b6 7. Bf4 Ne7 8. Qd2 h6
9. h3 Bb7 10. O-O Nd7 11. Rfe1 g5 12. Bh2 Ng6 13. d5 e5 14. Bg3 O-O 15. Bd3 Nf6
16. Nh2 Nh5 17. Ne2 Ngf4 18. Bxf4 gxf4 19. Nc3 Bc8 20. Qe2 Nf6 21. Qd1 Bd7 22.
Be2 Kh7 23. Bg4 Nxg4 24. Nxg4 {dale necitelne ...} 1/2-1/2

[Event "Open B"]
[Site "?"]
[Date "2008.08.25"]
[Round "4.9"]
[White "Fojtu, T."]
[Black "Starychfojtu, J."]
[Result "1-0"]
[WhiteElo "1603"]
[BlackElo "1533"]
[PlyCount "65"]
[EventDate "2008.??.??"]

1. e4 e6 2. Nf3 d5 3. exd5 exd5 4. d4 Nf6 5. Bd3 Be7 6. O-O h6 7. Ne5 Be6 8. f4
Qd6 9. g4 Nc6 10. Bb5 g6 11. b3 a6 12. Ba3 Qd8 13. Bxc6+ bxc6 14. Nxc6 Qd7 15.
Nxe7 Bxg4 16. Qe1 Ne4 17. Nd2 Bh3 18. Nxe4 dxe4 19. Qxe4 Kf8 20. Rf3 Kg7 21.
Rg3 Rhe8 22. Rxg6+ Kh7 23. Rf6+ Kg7 24. Rg6+ Kh7 25. Rg3+ f5 26. Qe5 Bg4 27. h3
Rxe7 28. Bxe7 Re8 29. hxg4 fxg4 30. Qe4+ Kg7 31. Re1 h5 32. Qe5+ Kf7 33. Qf6+
1-0

[Event "Open B"]
[Site "?"]
[Date "2008.08.25"]
[Round "4.10"]
[White "Krejci, M."]
[Black "Franc, O."]
[Result "1/2-1/2"]
[WhiteElo "1438"]
[BlackElo "1598"]
[PlyCount "36"]
[EventDate "2008.??.??"]

1. e4 e5 2. Nf3 Nc6 3. Bb5 Nf6 4. O-O d6 5. Re1 Bg4 6. h3 Bh5 7. d3 Be7 8. Nbd2
O-O 9. Nf1 Nd4 10. Ba4 b5 11. Bb3 Bxf3 12. gxf3 Nxb3 13. axb3 Nh5 14. Kh2 Bg5
15. Ng3 Bf4 16. Bxf4 Nxf4 17. Rg1 Qh4 18. Qf1 Nh5 1/2-1/2

[Event "OPEN B"]
[Site "?"]
[Date "2008.??.??"]
[Round "4.11"]
[White "Vorisek, M."]
[Black "Brezinova, J."]
[Result "1/2-1/2"]
[WhiteElo "1587"]
[BlackElo "1496"]
[PlyCount "85"]
[EventDate "2008.??.??"]

1. e4 e5 2. Nf3 Nc6 3. Bc4 Bc5 4. c3 Nf6 5. d4 exd4 6. cxd4 Bb4+ 7. Nc3 Nxe4 8.
O-O Bxc3 9. d5 O-O 10. dxc6 Bf6 11. Qd5 Nd6 12. Bd3 dxc6 13. Qh5 g6 14. Qh6 Bg7
15. Qf4 Qf6 16. Qg3 Re8 17. Bg5 Qe6 18. h3 Bxb2 19. Rae1 Qd7 20. Rxe8+ Qxe8 21.
Re1 Be6 22. Qh4 Qd7 23. Ne5 Bxe5 24. Rxe5 Nf5 25. Bxf5 Bxf5 26. Re7 Qd1+ 27.
Kh2 Qh5 28. Qf4 Qd1 29. Qe5 Qd6 30. Bf4 Qxe5 31. Bxe5 Rc8 32. Bxc7 Be6 33. a3
a6 34. Be5 h5 35. Rxb7 Bc4 36. Rc7 Rxc7 37. Bxc7 Kf8 38. Kg3 Ke7 39. Kf4 Ke6
40. h4 Bd3 41. Ke3 Bc4 42. Kd4 Bb5 43. g3 1/2-1/2

[Event "OPEN B"]
[Site "?"]
[Date "2008.??.??"]
[Round "4.12"]
[White "Soltys, R."]
[Black "Skvaril, M."]
[Result "1-0"]
[WhiteElo "1568"]
[BlackElo "1250"]
[PlyCount "131"]
[EventDate "2008.??.??"]

1. d4 d5 2. Nf3 e6 3. e3 c5 4. c3 Nc6 5. Bd3 Nf6 6. O-O Bd6 7. Nbd2 O-O 8. Re1
Re8 9. e4 Be7 10. e5 Nd7 11. Nf1 f6 12. Qc2 Nf8 13. Bf4 f5 14. a3 Ng6 15. Bd2
c4 16. Be2 Na5 17. Ng3 Nb3 18. Rab1 Bd7 19. Nh5 Ba4 20. Bd1 Nc5 21. b3 Bxb3 22.
Rxb3 Nxb3 23. Be3 Rf8 24. g3 h6 25. Qb2 Qb6 26. Bxb3 Qxb3 27. Qxb3 cxb3 28. Rb1
b2 29. Rxb2 Bxa3 30. Rxb7 Rf7 31. Rb3 Be7 32. Kf1 Rff8 33. Rb7 a5 34. Nh4 Nxh4
35. Rxe7 Rf7 36. Rxe6 Nf3 37. Rb6 a4 38. Rb2 a3 39. Ra2 Rb7 40. Kg2 Rb2 41. Ra1
a2 42. Kxf3 Rb1 43. Rxa2 Rxa2 44. Kf4 Rb8 45. Kxf5 Ra6 46. Kg4 Rc8 47. h4 Rxc3
48. Nf4 Rc7 49. Nxd5 Rf7 50. Kh3 Kh7 51. h5 Ra5 52. Nf4 Ra6 53. d5 Kg8 54. d6
Rd7 55. Ng6 Kf7 56. Nf4 Ra5 57. e6+ Ke8 58. exd7+ Kxd7 59. Bb6 Rb5 60. Bc7 Rc5
61. g4 Rb5 62. Ng6 Rc5 63. Nf8+ Kc8 64. Bb6 Rd5 65. d7+ Rxd7 66. Nxd7 1-0

[Event "OPEN B"]
[Site "?"]
[Date "2008.08.25"]
[Round "4.13"]
[White "Krizek, F."]
[Black "Franek, J."]
[Result "0-1"]
[WhiteElo "1432"]
[BlackElo "1250"]
[PlyCount "65"]
[EventDate "2008.08.23"]
[SourceDate "2008.08.25"]

1. d4 f5 2. Bg5 g6 3. c3 Bg7 4. Nf3 Nf6 5. Nbd2 d6 6. Qb3 h6 7. Bxf6 Bxf6 8. e3
Nd7 9. Bc4 Rf8 10. e4 Nb6 11. Bd3 e6 12. O-O Bg5 13. exf5 gxf5 14. Rfe1 Bxd2
15. Nxd2 Qf6 16. Nf3 Bd7 17. d5 e5 18. Bb5 O-O-O 19. Bxd7+ Rxd7 20. Qb4 Nxd5
21. Qh4 Rg7 22. Qxf6 Nxf6 23. Nh4 Nd5 24. Kh1 Nf4 25. Re3 Rg4 26. Rg3 Rxh4 27.
Rg7 Rg4 28. Rh7 h5 29. f3 Rxg2 30. Rxh5 Nxh5 31. Kxg2 Nf4+ 32. Kf2 Nd3+ 33. Ke2
0-1

[Event "Open B"]
[Site "?"]
[Date "2008.08.25"]
[Round "3.14"]
[White "Starek"]
[Black "Psenicka"]
[Result "1/2-1/2"]
[WhiteElo "1250"]
[BlackElo "1641"]
[PlyCount "90"]
[EventDate "2008.??.??"]
[SourceDate "2008.08.25"]

1. d4 d5 2. c4 c6 3. Nc3 e6 4. Nf3 Be7 5. e3 Nf6 6. Bd2 O-O 7. Qb3 Nbd7 8. Bd3
dxc4 9. Bxc4 Nb6 10. O-O Nxc4 11. Qxc4 Nd5 12. Qb3 h6 13. e4 Nf6 14. e5 Nd5 15.
Rac1 b6 16. Nxd5 cxd5 17. Bb4 Ba6 18. Bxe7 Qxe7 19. Rfe1 Rac8 20. Rc3 Rxc3 21.
bxc3 Bc4 22. Qb2 Rb8 23. Nd2 Ba6 24. f4 Rc8 25. Rc1 Qc7 26. g3 Bd3 27. a3 a5
28. Nb3 a4 29. Nd2 b5 30. Qb4 Kh7 31. Kf2 Rb8 32. Ke3 Bg6 33. Nf3 Be4 34. Nd2
Bg6 35. Nf3 Kg8 36. Nh4 Be4 37. Nf3 Bxf3 38. Kxf3 Qc4 39. Ke3 Rc8 40. Kd2 Qxb4
41. cxb4 Rxc1 42. Kxc1 g6 43. Kd2 Kg7 44. Ke3 f5 45. Kf3 h5 1/2-1/2

[Event "OPEN B"]
[Site "?"]
[Date "2008.??.??"]
[Round "4.15"]
[White "Pucholt, M."]
[Black "Lorenc, D."]
[Result "0-1"]
[WhiteElo "1000"]
[BlackElo "1568"]
[PlyCount "91"]
[EventDate "2008.??.??"]

1. e4 c5 2. Nf3 d6 3. c3 Nc6 4. Bb5 e6 5. d4 cxd4 6. cxd4 a6 7. Ba4 b5 8. Bb3
Nf6 9. Qe2 Na5 10. Bc2 Bb7 11. O-O Be7 12. Rd1 Qc7 13. b3 Rc8 14. Rd2 Nc6 15.
a3 Na5 16. Bb2 Nxe4 17. Bxe4 Bxe4 18. Qe3 Bd5 19. Rd3 Qc2 20. Nbd2 Qxb2 21. Rb1
Qc2 22. Ne1 Qc7 23. Rc3 Qxc3 24. Nd3 Qc7 25. Rc1 Qb7 26. Qg3 Rxc1+ 27. Nxc1 O-O
28. Nd3 Qc7 29. h3 Bf6 30. b4 Nc6 31. Nf4 Ne7 32. Nh5 Ng6 33. Nf3 Bxf3 34.
Nxf6+ gxf6 35. Qxf3 Qc1+ 36. Kh2 Qf4+ 37. Qg3 Qxg3+ 38. Kxg3 Rc8 39. a4 bxa4
40. b5 axb5 41. d5 a3 42. dxe6 a2 43. Kg4 a1=Q 44. Kh5 Qa4 45. g4 Kg7 46. exf7
0-1

[Event "Open B"]
[Site "?"]
[Date "2008.08.25"]
[Round "4.16"]
[White "Kotka, T."]
[Black "Kozel, P."]
[Result "1-0"]
[WhiteElo "1400"]
[BlackElo "1100"]
[PlyCount "37"]
[EventDate "2008.??.??"]

1. e4 e5 2. Nc3 Nf6 3. Bc4 Bc5 4. f4 Bxg1 5. Rxg1 d6 6. f5 c6 7. Qf3 O-O 8. d3
a5 9. a3 b5 10. Bb3 Nbd7 11. Bg5 Nc5 12. Ba2 b4 13. Ne2 Rb8 14. Qg3 g6 15. Qh4
Ncd7 16. fxg6 hxg6 17. Rf1 bxa3 18. Rxf6 Nxf6 19. Bxf6 1-0

[Event "Open B"]
[Site "?"]
[Date "2008.08.25"]
[Round "3.17"]
[White "Hatasova, M."]
[Black "Studzinski, B."]
[Result "0-1"]
[WhiteElo "1347"]
[BlackElo "1000"]
[PlyCount "84"]
[EventDate "2008.??.??"]

1. e4 d6 2. d4 Nf6 3. Nc3 g6 4. Nf3 Bg7 5. Bc4 O-O 6. O-O Re8 7. Bf4 c6 8. h3
e6 9. Bb3 b6 10. Qd2 Bb7 11. Rfe1 Na6 12. Bh6 Bh8 13. Rad1 c5 14. dxc5 dxc5 15.
Qxd8 Raxd8 16. Ba4 Rxd1 17. Rxd1 Rc8 18. e5 Nd5 19. Nxd5 Bxd5 20. Nh4 Bxe5 21.
b3 Nc7 22. c4 Bb7 23. Rd7 Ba6 24. Nf3 Bf6 25. Bf4 e5 26. Nxe5 b5 27. cxb5 Bxb5
28. Bxb5 Nxb5 29. Nxf7 a5 30. Nd6 Nxd6 31. Bxd6 a4 32. Ra7 axb3 33. axb3 Bd4
34. Ra2 Kf7 35. b4 c4 36. Rc2 c3 37. Bc5 Bxc5 38. Rxc3 Bxf2+ 39. Kxf2 Rxc3 40.
Ke2 Rc2+ 41. Kf3 Rb2 42. b5 Rxb5 0-1